000 01024nam a22002297a 4500
999 _c11986
_d11986
003 AR-CdUCM
008 190328b ||||| |||| 00| 0 spa d
040 _aMUNICIPALIDAD PROVINCIAL DEL CUSCO
_cBIBLIOTECA MUNICIPAL DEL CUSCO
082 _a150.13 /
_bER73 / 1934
_23ed.
100 _aErisman, Th.
_925913
245 _aPsicología aplicada /
260 _aBarcelona :
_bLabor,
_c1934.
300 _a171 páginas ;
_c18 cm.
440 _aColección labor ;
_n1
_929625
505 _aContenido : El desenvolvimiento de la psicología en una ciencia aplicada -- La elección de profesión y la prueba experimental de las aptitudes psíquicas -- La escuela y el estudio psico- experimental del niño -- La psicología y el derecho -- La psicología y las ciencias del lenguaje...
650 _aPsicología aplicada
_99360
650 _aCiencias del lenguaje
_925914
650 _aSugestión e hipnosis
_925915
700 _aCarreras Artau, Joaquín (Traductor)
_925916
942 _2ddc
_cLIBROS
945 _aacv
_d05/04/2019